Normal view
MARC view
- Tu, Jiyuan.
Entry Personal Name
001 - CONTROL NUMBER
- control field: 1936
003 - CONTROL NUMBER IDENTIFIER
- control field: NUST
005 - DATE AND TIME OF LATEST TRANSACTION
- control field: 20170602121941.0
008 - FIXED-LENGTH DATA ELEMENTS
- fixed length control field: 170602|| aca||aabn | a|a d
040 ## - CATALOGING SOURCE
- Original cataloging agency: NUST
- Transcribing agency: NUST
100 ## - HEADING--PERSONAL NAME
- Personal name: Tu, Jiyuan.
670 ## - SOURCE DATA FOUND
- Source citation: Work cat.: (NUST)23664: Yeoh, Guan Heng. 1933, Computational techniques for multi-phase flows, c2010.
